|
|
|
|
| LEADER |
02131nam a22002897a 4500 |
| 001 |
34216 |
| 003 |
BD-DhAAL |
| 005 |
20250909112855.0 |
| 008 |
190127t2015 bg a f000 0 ben d |
| 040 |
|
|
|a BD-DhAAL
|c BD-DhAAL
|
| 041 |
|
|
|a ben
|
| 082 |
0 |
0 |
|a 363.325095492
|2 22
|
| 245 |
|
|
|a সন্ত্রাস বিরোধী আইন, ২০০৯ (২০০৯ সনের ১৬ নং আইন) /
|c লেজিসলেটিভ ও সংসদ বিষয়ক বিভাগ, আইন, বিচার ও সংসদ বিষয়ক মন্ত্রণালয়, গণপ্রজান্ত্রী বাংলাদেশ সরকার.
|
| 260 |
|
|
|a ঢাকা :
|b লেজিসলেটিভ ও সংসদ বিষয়ক বিভাগ, আইন, বিচার ও সংসদ বিষয়ক মন্ত্রণালয়, গণপ্রজান্ত্রী বাংলাদেশ সরকার,
|c ২০১৫.
|
| 300 |
|
|
|a ৩৯ পৃষ্ঠা :
|b চিত্র ;
|c ২৪ সে. মি.
|
| 526 |
|
|
|a SOL
|
| 541 |
|
|
|a Development Book Agency
|e 34216, 34217
|
| 650 |
|
0 |
|a Terrorism
|z Bangladesh.
|9 29791
|
| 650 |
|
0 |
|a Terrorism.
|9 29800
|
| 650 |
|
0 |
|a Law.
|9 43168
|
| 651 |
|
|
|a Bangladesh.
|9 29801
|
| 710 |
1 |
|
|a গণপ্রজান্ত্রী বাংলাদেশ সরকার,
|b লেজিসলেটিভ ও সংসদ বিষয়ক বিভাগ,
|b আইন, বিচার ও সংসদ বিষয়ক মন্ত্রণালয়
|9 29802
|
| 852 |
4 |
|
|a Ayesha Abed Library
|j General Stacks
|
| 942 |
|
|
|2 ddc
|c BK
|
| 999 |
|
|
|c 40393
|d 40393
|
| 952 |
|
|
|0 0
|1 0
|2 ddc
|4 0
|6 363_325095492000000_SAN
|7 0
|9 64921
|a BRACUL
|b BRACUL
|c GEN
|d 2019-01-06
|e Development Book Agency
|g 130.00
|l 0
|o 363.325095492 SAN
|p 3010034217
|r 2019-01-06
|t 2
|v 130.00
|w 2019-01-06
|y BK
|
| 952 |
|
|
|0 0
|1 0
|2 ddc
|4 0
|6 363_325095492000000_SAN
|7 0
|9 64922
|a BRACUL
|b BRACUL
|c GEN
|d 2019-01-06
|e Development Book Agency
|g 130.00
|l 0
|o 363.325095492 SAN
|p 3010034216
|r 2019-01-06
|t 1
|v 130.00
|w 2019-01-06
|y BK
|x Koha Inventory 2020 ; Previously missing book recovered on 09 September 2025
|